Co to za flaga? - Statystyki

Ogólne statystyki
  • Ten quiz został rozwiązany 25 razy
  • Średni wynik to 10 z 12
Statystyki odpowiedzi
Hint Odpowiedź % Poprawnych
biały pas na górze, czerwony na dole Polska
100%
dodaj półksiężyc i gwiazdki na górze Singapur
88%
pomaluj całą na czerwono i dodaj + Szwajcaria
88%
pomaluj pas dolny na zielono Węgry
88%
obróć o 90 stopni w lewo Włochy
88%
zielony zamień na niebieski Francja
81%
obróć o 90 stopni w prawo Holandia
81%
rozjaśnij dolny pas Luksemburg
81%
usuń górny pas i dodaj herb San Marino
81%
wróć do poprzedniej i zrób kwadrat Monako
75%
usuń krzyż i zrób prostokąt, dodaj biały pas Austria
69%
odwróć Indonezja
56%
Nie znaleziono quizów pasujących do podanych kryteriów
Rozkład punktacji
Procent ludzi z każdym wynikiem
Percentyl według liczby udzielonych odpowiedzi
Twoja historia wyników
Nie rozwiązałeś tego quizu